Social psychology of prejudice / (Record no. 2216)

MARC details
000 -LEADER
fixed length control field 00558cam a2200181 4500
001 - CONTROL NUMBER
control field 2760
005 - DATE AND TIME OF LATEST TRANSACTION
control field 20181127165747.0
008 - FIXED-LENGTH DATA ELEMENTS--GENERAL INFORMATION
fixed length control field 010402s2002 nju b 001 0 eng
010 ## - LIBRARY OF CONGRESS CONTROL NUMBER
LC control number 2001035076
020 ## - INTERNATIONAL STANDARD BOOK NUMBER
International Standard Book Number 0130287717 (pbk.)
100 1# - MAIN ENTRY--PERSONAL NAME
Personal name Jones, Melinda,
Dates associated with a name 1960-
245 10 - TITLE STATEMENT
Title Social psychology of prejudice /
Statement of responsibility, etc. Melinda Jones.
260 ## - PUBLICATION, DISTRIBUTION, ETC.
Place of publication, distribution, etc. Upper Saddle River, NJ :
Name of publisher, distributor, etc. Prentice Hall,
Date of publication, distribution, etc. c2002.
300 ## - PHYSICAL DESCRIPTION
Extent xi, 228 p. ;
Dimensions 24 cm.
504 ## - BIBLIOGRAPHY, ETC. NOTE
Bibliography, etc. note Includes bibliographical references (p. 190-220) and index.
650 #0 - SUBJECT ADDED ENTRY--TOPICAL TERM
Topical term or geographic name entry element Prejudices.
Topical term or geographic name entry element Social psychology.
Holdings
Withdrawn status Lost status Source of classification or shelving scheme Damaged status Not for loan Collection code Home library Current library Shelving location Date acquired Serial Enumeration / chronology Inventory number Total Checkouts Full call number Barcode Date last seen Price effective from Koha item type
    Dewey Decimal Classification     Main TEST RTC Library RTC Library Main opac 12/01/2022 616   303.38 JON 30005299 12/01/2022 27/11/2018 Main
Royal Thimphu College || All Right Reserved